000 00553nam a2200169Ia 4500
003 IN-BaIIA
008 211028s9999 xx 000 0 eng d
020 _a1-59102-188-x
040 _cIIA Library
080 _a52(092)
_bTYS
100 _aTyson, Neil DeGrasse
_929709
245 4 _aThe sky is not the limit
_badventures of an urban astrophysicist
_cNeil DeGrasse Tyson
260 _aNew York
_bPrometheus Books
_c2004
300 _a302p.
650 _aAstrophysicist-United States- Biography
_929862
942 _cBK
999 _c16139
_d16139